| 000 | 00526nam a22001817a 4500 | ||
|---|---|---|---|
| 005 | 20170303142639.0 | ||
| 010 | _aENG-117380 | ||
| 020 |
_a9788173819896 _c135.00 |
||
| 035 | _aEN-100912 | ||
| 037 | _bDBAD/PUB | ||
| 082 | _a808.882 | ||
| 100 | _aDas, P.C. | ||
| 245 |
_aEnglish proverbs and quotations / _cby P.C.Das |
||
| 260 |
_aKolkata _bNew Central Book Agency _c2017 |
||
| 270 |
_a8/1 Chintamoni Das Lane _bKolkata _e700009 |
||
| 300 |
_aviii,185p. _c23cm (pbk) |
||
| 942 |
_2ddc _cEN _h808.882 _mDAS |
||
| 999 |
_c137934 _d137934 |
||